Veľká kniha o morských tvoroch

Bibliographic Details
Main Author: Zommer, Yuval (Author, Illustrator)
Other Authors: Taylor, Barbara, 1954- (Collaborator), Vlašičová, Jana (prekladateľka) (Translator)
Format: Book
Language:Slovak
English
PhysicalDescription:61 strán farebné ilustrácie 35 cm
Published: [Bratislava] Slovart 2018
ISBN:9788055632858
Subjects:

MARC

LEADER 00000cam a2200000 4500
001 vtls011757812
003 SK-MaSNL
005 20260301045156.0
008 200104s2018 xo a b 001 0 slo
015 |a SNBA2018/08 
020 |a 9788055632858  |q (viazané) 
035 |a urn:nbn:sk:snk-am00d4og 
035 |a urn:nbn:sk:snk-am3hllj 
035 |a 3E02379C-178F-4370-B61B-8AE784EE9F3D 
040 |a SNK  |b slo  |c SNK  |e rda 
041 1 |a slo  |h eng 
044 |a xo  |c SK 
072 7 |a 59  |x Zoológia  |2 konspekt 
072 7 |a 0/9-053.2  |x Literatúra pre deti a mládež (náučná)  |2 konspekt 
080 |a 59  |2 2011 
080 |a (0.025.2)  |2 2011 
080 |a (0.062)  |2 2011 
080 |a (0.05)  |2 2011 
080 |a 597.2/.5  |2 2011 
100 1 |a Zommer, Yuval  |4 aut  |4 ill  |9 53966 
240 1 4 |a The Big Book of the Blue  |l Slovensky 
245 1 0 |a Veľká kniha o morských tvoroch  |c napísala a ilustrovala Yuval Zommer ; odborná spolupráca Barbara Taylor ; z anglického originálu The Big Book of the Blue ... preložila Jana Vlašičová 
264 1 |a [Bratislava]  |b Slovart  |c 2018 
300 |a 61 strán  |b farebné ilustrácie  |c 35 cm 
336 |a text  |b txt  |2 rdacontent 
336 |a statický obraz  |b sti  |2 rdacontent 
337 |a bez média  |b n  |2 rdamedia 
338 |a zväzok  |b nc  |2 rdacarrier 
500 |a Miesto vydania podľa NA ISBN 
504 |a Register 
650 0 7 |a morské živočíchy  |2 SNKPH  |9 67526 
650 0 7 |a Sea animals  |2 SNKPHeng  |9 316621 
650 0 7 |a ekológia živočíchov  |2 SNKPH  |9 952 
650 0 7 |a Animal ecology  |2 SNKPHeng  |9 303386 
655 7 |a ilustrované publikácie  |2 SNKPH  |9 109406 
655 7 |a populárno-náučné publikácie  |2 SNKPH  |9 70460 
655 7 |a publikácie pre deti  |2 SNKPH  |9 70148 
655 7 |a Illustrated publications  |2 SNKPHeng  |9 289635 
655 7 |a Popular works  |2 SNKPHeng  |9 90287 
655 7 |a Children's literature  |2 SNKPHeng  |9 276039 
700 1 |a Taylor, Barbara,  |d 1954-  |4 clb  |9 296816 
700 1 |a Vlašičová, Jana  |c (prekladateľka)  |4 trl  |9 184238 
852 |a Štátna vedecká knižnica v Banskej Bystrici 
919 |a 978-80-556-3285-8 
958 |a DB 
958 |a OP 
968 |b ENG 
999 |c 597704  |d 599634 
952 |a SNK  |b SNK  |y PREZ  |7 0  |p 17A1334780  |o snkSB 93004  |i snk2018/16232  |8 0  |0 0  |1 0  |4 0  |d 2018-07-30  |f 1  |l 0  |r 2025-05-14 00:00:00  |w 2026-02-23 
952 |a SNK  |b SNK  |y VYP  |7 0  |p 17A1334781  |o snkSB 93004 D1  |i snk2018/16233  |8 0  |0 0  |1 0  |4 0  |d 2018-07-30  |l 0  |r 2026-02-23 15:44:40  |w 2026-02-23